Swimming drills for every stroke

Bibliographic Details
Main Author: Guzman, Ruben J.
Format: Book
Language:English
Published: Champaingn : Human Kinetics , 1998
Subjects:

MARC

LEADER 00000cam a2200000 7i4500
001 0000007849
005 20170111.0
008 161223 -us eng
020 |a 0880117699 
040 |a INS 
090 0 0 |a GV836.35   |b G89 1998 
100 1 |a Guzman, Ruben J. 
245 1 0 |a Swimming drills for every stroke   |c Ruben J. Guzman 
260 |a Champaingn :   |b Human Kinetics ,   |c 1998 
300 |a v., 201p. :   |b illustration ;   |c 28cm. 
504 |a Includes bibliographical references (p. 201) 
650 0 |a Swimming   |x Study and teaching 
999 |a 0000023152   |b BOOK   |c Open Shelf   |e Default branch